Zeitschrift für Pflanzenkrankheiten und Pflanzenschutz
محفوظ في:
التنسيق: دورية
اللغة: Undetermined
منشور في:
JSTOR
Verlag Eugen Ulmer KG
الموضوعات:
الوصول للمادة أونلاين: Login to view Source
الوسوم: إضافة وسم
لا توجد وسوم, كن أول من يضع وسما على هذه التسجيلة!
رقم الطلب:
| LEADER | 00547nas a2200169Ia 4500 | ||
|---|---|---|---|
| 008 | 220214c99999999xx |||||||||||| ||und|| | ||
| 022 | |a 0372-9729 | ||
| 022 | |a 2364-9941 | ||
| 245 | 0 | 0 | |a Zeitschrift für Pflanzenkrankheiten und Pflanzenschutz |
| 264 | 1 | |b JSTOR | |
| 264 | 1 | |b Verlag Eugen Ulmer KG | |
| 362 | 0 | |a Vol. 36(1926)-38 (1928) | |
| 653 | 1 | 0 | |a Science & Mathematics |
| 856 | 4 | 0 | |u https://www.jstor.org/journal/zeitpflapfla2 |
| 942 | |c JL | ||
| 952 | |0 0 |1 0 |4 0 |7 1 |9 37741 |a JSR |b JSR |d 2022-02-14 |l 0 |r 2022-02-14 00:00:00 |w 2022-02-14 |y JL | ||
| 999 | |c 46072 |d 46072 | ||
